000
00313nam a2200121Ia 4500
008
191206s9999 xx 000 0 und d
090
_a
DG811.L57
245
0
_a
Rome in the Dark Ages
260
_a
Praeger
260
_c
c"[1971, c1970]"
300
_a
"324 p. illus., maps. 23 cm."
999
_c
16836
_d
16836